[Event "VI Memorial Gianfranco Molinari A"]
[Site "Milano ITA"]
[Date "2012.10.27"]
[Round "4"]
[White "Papale, Carmelo"]
[Black "Petrone, Gianmario"]
[WhiteElo "1865"]
[BlackElo "1968"]
[Result "1/2-1/2"]
[PlyCount "96"]
[EventDate "2012.10.24"]

1. e4 c5 2. Nf3 d6 3. d4 cxd4 4. Nxd4 Nf6 5. Nc3 a6 6. Bg5 e6 7. f4 Qb6 8. Qd2
Nc6 9. O-O-O Nxd4 10. Qxd4 Qxd4 11. Rxd4 Be7 12. Bc4 Bd7 13. Rhd1 Bc6 14. e5
dxe5 15. fxe5 Nd7 16. Bf4 b5 17. Be2 Bc5 18. R4d3 O-O-O 19. Bf3 Bxf3 20. gxf3
Nb6 21. Ne4 Rxd3 22. Rxd3 Be7 23. Bg5 Bxg5+ 24. Nxg5 Rf8 25. Nxh7 Rh8 26. Ng5
Rxh2 27. Nxf7 Rh1+ 28. Kd2 Rh2+ 29. Kc3 Na4+ 30. Kb4 Rxc2 31. b3 Nc5 32. Rd6
Kb7 33. Nd8+ Ka7 34. Nxe6 Nxe6 35. Rxe6 Rxa2 36. Re7+ Kb6 37. Re6+ Kb7 38. Rg6
Re2 39. Rxg7+ Kc6 40. Rg5 Kd5 41. Ka5 Re3 42. f4 Rxb3 43. Kxa6 Rb4 44. Rf5 Rb1
45. Rf6 b4 46. Rd6+ Ke4 47. e6 Re1 48. Rb6 Kf5 1/2-1/2

[Event "VI Memorial Gianfranco Molinari A"]
[Site "Milano ITA"]
[Date "2012.10.27"]
[Round "4"]
[White "Pelizzola, Danilo"]
[Black "Nepi, Ezio"]
[WhiteElo "2087"]
[BlackElo "1914"]
[Result "0-1"]
[PlyCount "72"]
[EventDate "2012.10.24"]

1. e4 c5 2. Nf3 d6 3. d4 cxd4 4. Nxd4 Nf6 5. Nc3 Nc6 6. Be2 e5 7. Nf3 h6 8. O-O
Be7 9. b3 O-O 10. Bb2 Be6 11. Re1 Rc8 12. h3 Qa5 13. a3 a6 14. Bf1 Nb8 15. Qd2
Qc7 16. Rac1 Nbd7 17. Nd5 Nxd5 18. exd5 Bf5 19. Bd3 Bxd3 20. Qxd3 f5 21. Nd4
Nc5 22. Qe2 Bg5 23. b4 exd4 24. bxc5 Bxc1 25. Bxc1 Rce8 26. Qxe8 Rxe8 27. Rxe8+
Kf7 28. Re6 Qxc5 29. Bf4 Qxd5 30. Rxd6 Qe4 31. Bd2 Ke8 32. f3 Qe5 33. Rb6 d3
34. Rxb7 dxc2 35. Rb3 Qd4+ 36. Re3+ Kf7 0-1

[Event "VI Memorial Gianfranco Molinari A"]
[Site "Milano ITA"]
[Date "2012.10.28"]
[Round "5"]
[White "Bemporad, Filippo"]
[Black "Miracola, Giorgia"]
[WhiteElo "2040"]
[BlackElo "1811"]
[Result "1-0"]
[PlyCount "53"]
[EventDate "2012.10.24"]

1. d4 Nf6 2. Nf3 g6 3. c4 Bg7 4. Nc3 d5 5. cxd5 Nxd5 6. Bd2 c5 7. e4 Nxc3 8.
Bxc3 cxd4 9. Bb5+ Bd7 10. Nxd4 Bxb5 11. Nxb5 Bxc3+ 12. Nxc3 O-O 13. O-O Nd7 14.
Qe2 Qa5 15. Rad1 Nb6 16. f4 Qc5+ 17. Kh1 Rfd8 18. e5 Qc4 19. Qf3 Qb4 20. Rxd8+
Rxd8 21. f5 Qc4 22. Re1 Rd2 23. f6 Qe6 24. Qe3 Nc4 25. Qh6 exf6 26. Ne4 Qxe5
27. Nxf6+ 1-0

[Event "VI Memorial Gianfranco Molinari A"]
[Site "Milano ITA"]
[Date "2012.10.28"]
[Round "5"]
[White "Cani, Gazmir"]
[Black "Martinez, Rolly"]
[WhiteElo "2136"]
[BlackElo "2439"]
[Result "0-1"]
[PlyCount "46"]
[EventDate "2012.10.24"]

1. d4 Nf6 2. Bg5 e6 3. e4 h6 4. Bxf6 Qxf6 5. Nf3 d6 6. Nc3 Nd7 7. Qd2 c6 8.
O-O-O e5 9. dxe5 Nxe5 10. Nd4 g5 11. h4 g4 12. f4 gxf3 13. gxf3 h5 14. Kb1 Bh6
15. Qe1 Nxf3 16. Qf2 Nd2+ 17. Rxd2 Qxf2 18. Rxf2 Be3 19. Nf5 Bxf2 20. Nxd6+ Ke7
21. Nxc8+ Raxc8 22. Nd1 Bb6 23. b3 Rcg8 0-1

[Event "VI Memorial Gianfranco Molinari A"]
[Site "Milano ITA"]
[Date "2012.10.28"]
[Round "5"]
[White "Cazzaniga, Walter"]
[Black "Bonazzi, Edoardo"]
[WhiteElo "2151"]
[BlackElo "2049"]
[Result "1-0"]
[PlyCount "49"]
[EventDate "2012.10.24"]

1. d4 Nf6 2. c4 e6 3. Nf3 d5 4. Nc3 Be7 5. Bg5 h6 6. Bh4 O-O 7. e3 Ne4 8. Bxe7
Qxe7 9. Rc1 Nxc3 10. Rxc3 c6 11. Bd3 Nd7 12. cxd5 exd5 13. O-O Re8 14. Qb1 a5
15. a3 Nf6 16. h3 Ne4 17. Bxe4 Qxe4 18. Qxe4 Rxe4 19. Ne5 f6 20. f3 Rxe5 21.
dxe5 fxe5 22. f4 exf4 23. Rxf4 Bd7 24. Kf2 Rf8 25. Kf3 1-0

[Event "VI Memorial Gianfranco Molinari A"]
[Site "Milano ITA"]
[Date "2012.10.28"]
[Round "5"]
[White "Jara, Erik"]
[Black "Gori, Andrea"]
[WhiteElo "2173"]
[BlackElo "2079"]
[Result "0-1"]
[PlyCount "162"]
[EventDate "2012.10.24"]

1. c4 e5 2. Nc3 Nc6 3. Nf3 f5 4. d3 Nf6 5. g3 Bb4 6. Bg2 Bxc3+ 7. bxc3 d6 8.
O-O O-O 9. Rb1 Qe8 10. Nd2 Rb8 11. e3 g5 12. Qe2 Ne7 13. f4 gxf4 14. exf4 exf4
15. gxf4 Ng6 16. Qxe8 Rxe8 17. Nf3 Re2 18. Bd2 Nh5 19. Bh1 Nhxf4 20. Bxf4 Nxf4
21. Ng5 Nxd3 22. Bd5+ Kg7 23. Rf3 Ne5 24. Rg3 c6 25. Ne6+ Kf6 26. Nf4 Rxa2 27.
Nh5+ Ke7 28. Rg7+ Kd8 29. Rg8+ Kc7 30. Rg7+ Bd7 31. Be6 Rd8 32. Nf6 Kc8 33.
Nxd7 Nf3+ 34. Kf1 Nd2+ 35. Kg1 Nxb1 36. Bxf5 Nxc3 37. Rxh7 Ne2+ 38. Kf1 Nd4 39.
Bg4 Rb2 40. h4 a5 41. h5 a4 42. Nb6+ Kb8 43. Nxa4 Rb4 44. Bd1 Rxc4 45. Nb2 Rc3
46. Rf7 Rh8 47. Ke1 Rh3 48. Nc4 Nb5 49. Na5 Nc7 50. Nc4 d5 51. Nd6 Rh2 52. Bf3
Rd8 53. Nf5 Ne6 54. Rf6 Rf8 55. Rxf8+ Nxf8 56. Ng3 Kc7 57. Nf1 Ra2 58. Nd2 Kd6
59. Ke2 Ke5 60. Bg4 c5 61. Kd1 c4 62. h6 Ra6 63. Bc8 Rb6 64. Kc2 Rxh6 65. Bxb7
Nd7 66. Nf3+ Kd6 67. Nd4 Rh3 68. Bc8 Rd3 69. Nb5+ Kc6 70. Nc3 Kc7 71. Ba6 Nb6
72. Bb5 Kd6 73. Be8 Re3 74. Bg6 Kc5 75. Kd2 Rg3 76. Bf5 Rg2+ 77. Kd1 Kd4 78.
Ne2+ Ke3 79. Nc3 d4 80. Nb5 d3 81. Kc1 Na4 0-1

[Event "VI Memorial Gianfranco Molinari A"]
[Site "Milano ITA"]
[Date "2012.10.28"]
[Round "5"]
[White "Montani, Francesco"]
[Black "Gongalov, Bojan"]
[WhiteElo "2232"]
[BlackElo "2089"]
[Result "0-1"]
[PlyCount "70"]
[EventDate "2012.10.24"]

1. d4 Nf6 2. Bg5 c5 3. Bxf6 gxf6 4. d5 Qb6 5. Qc1 Bh6 6. e3 d6 7. g3 Na6 8. Bg2
Bf5 9. a3 Nc7 10. Ne2 Qa6 11. Nbc3 b5 12. O-O Qc8 13. Re1 Qd7 14. Qd2 O-O 15.
b4 a5 16. bxc5 dxc5 17. d6 Ra6 18. Ne4 Bxe4 19. Bxe4 Qxd6 20. Qc3 Qe5 21. Qd3
Rd6 22. Bxh7+ Kh8 23. Qe4 Rfd8 24. a4 Rd2 25. Qxe5 fxe5 26. Be4 b4 27. c4 Ne8
28. Nc1 Nf6 29. Bc6 Rb2 30. Ra2 Rxa2 31. Nxa2 Rd6 32. Bf3 Rd3 33. Nc1 Rc3 34.
Be2 e4 35. Kg2 b3 0-1

[Event "VI Memorial Gianfranco Molinari A"]
[Site "Milano ITA"]
[Date "2012.10.28"]
[Round "5"]
[White "Papale, Carmelo"]
[Black "Pelizzola, Danilo"]
[WhiteElo "1865"]
[BlackElo "2087"]
[Result "1-0"]
[PlyCount "69"]
[EventDate "2012.10.24"]

1. e4 c5 2. Nf3 Nc6 3. d4 cxd4 4. Nxd4 Nf6 5. Nc3 e5 6. Ndb5 d6 7. Bg5 a6 8.
Na3 b5 9. Nd5 Be7 10. Bxf6 Bxf6 11. Qd2 O-O 12. Bd3 Be6 13. O-O Bxd5 14. exd5
Ne7 15. c3 g6 16. Rae1 Bg7 17. f4 Bh6 18. Qe2 Nxd5 19. fxe5 Nf4 20. Qe4 Qb6+
21. Kh1 Rae8 22. Bb1 Rxe5 23. Qf3 Qc7 24. Nc2 Rfe8 25. Rxe5 Rxe5 26. Ne3 f5 27.
g4 Qe7 28. Nc2 fxg4 29. Qxg4 Qb7+ 30. Qf3 Qe7 31. a3 Kg7 32. Nd4 Re1 33. Kg1
Re3 34. Qg4 Re1 35. Nf5+ 1-0

[Event "VI Memorial Gianfranco Molinari A"]
[Site "Milano ITA"]
[Date "2012.10.28"]
[Round "5"]
[White "Petrone, Gianmario"]
[Black "Andreoni, Giuseppe"]
[WhiteElo "1968"]
[BlackElo "2118"]
[Result "0-1"]
[PlyCount "64"]
[EventDate "2012.10.24"]

1. e4 c5 2. Nf3 d6 3. d4 cxd4 4. Nxd4 Nf6 5. Nc3 a6 6. Bg5 Nbd7 7. f4 Qc7 8.
Qf3 h6 9. Bxf6 Nxf6 10. O-O-O Bg4 11. Qg3 Bxd1 12. Kxd1 g5 13. Kc1 gxf4 14.
Qxf4 Qc5 15. Nb3 Qg5 16. Qxg5 hxg5 17. Be2 Rc8 18. h3 Bg7 19. Rf1 Rh4 20. Nd2
Rh8 21. Kb1 e6 22. a3 Ke7 23. Bf3 Nd7 24. Nd1 Rc7 25. c3 b5 26. Be2 Ne5 27. Ne3
Rb8 28. Nc2 a5 29. Nf3 Nxf3 30. Rxf3 Rc5 31. Rg3 Bf6 32. Rf3 d5 0-1

[Event "VI Memorial Gianfranco Molinari A"]
[Site "Milano ITA"]
[Date "2012.10.28"]
[Round "6"]
[White "Andreoni, Giuseppe"]
[Black "Jara, Erik"]
[WhiteElo "2118"]
[BlackElo "2173"]
[Result "1/2-1/2"]
[PlyCount "47"]
[EventDate "2012.10.24"]

1. e4 c5 2. Nf3 e6 3. Nc3 a6 4. d4 cxd4 5. Nxd4 Qc7 6. Be2 Nc6 7. O-O Nf6 8.
Be3 Bb4 9. Na4 Be7 10. c4 d6 11. Nc3 O-O 12. Rc1 Rd8 13. f4 Bd7 14. Kh1 Qb8 15.
a3 Nxd4 16. Bxd4 Bc6 17. Bd3 b5 18. Qc2 Qb7 19. Rce1 bxc4 20. Bxc4 d5 21. exd5
Nxd5 22. Bxd5 Bxd5 23. Nxd5 Qxd5 24. Bc3 1/2-1/2

[Event "VI Memorial Gianfranco Molinari A"]
[Site "Milano ITA"]
[Date "2012.10.28"]
[Round "6"]
[White "Bonazzi, Edoardo"]
[Black "Virzi, Ettore"]
[WhiteElo "2049"]
[BlackElo "1977"]
[Result "1/2-1/2"]
[PlyCount "55"]
[EventDate "2012.10.24"]

1. c4 Nf6 2. Nf3 g6 3. Nc3 d5 4. cxd5 Nxd5 5. g3 Bg7 6. Bg2 O-O 7. O-O Nb6 8.
d3 Nc6 9. a3 Re8 10. Qc2 a5 11. b3 Bg4 12. e3 Qd7 13. Bb2 Rad8 14. Nb5 Qxd3 15.
Qxd3 Rxd3 16. Bxg7 Kxg7 17. Nxc7 Rc8 18. Nb5 Bxf3 19. Bxf3 Rxb3 20. Rab1 Rxb1
21. Rxb1 Nc4 22. Be2 Nd2 23. Rb2 Rd8 24. Nc3 Rd7 25. Na4 Ne4 26. Bf3 Nd6 27.
Nc5 Rc7 28. Nxb7 1/2-1/2

[Event "VI Memorial Gianfranco Molinari A"]
[Site "Milano ITA"]
[Date "2012.10.28"]
[Round "6"]
[White "Cazzaniga, Walter"]
[Black "Cani, Gazmir"]
[WhiteElo "2151"]
[BlackElo "2136"]
[Result "0-1"]
[PlyCount "194"]
[EventDate "2012.10.24"]

1. c4 Nf6 2. Nc3 e5 3. g3 Bb4 4. Bg2 Bxc3 5. bxc3 O-O 6. Nf3 d6 7. O-O Nbd7 8.
d3 Rb8 9. Bd2 a6 10. a4 Re8 11. Qc2 Nc5 12. a5 b5 13. cxb5 axb5 14. d4 Na6 15.
dxe5 dxe5 16. Rfb1 c5 17. e4 Nd7 18. Bg5 Qc7 19. c4 b4 20. Qa4 Bb7 21. Nd2 Nf8
22. Be3 Ne6 23. Nb3 Bc6 24. Qa2 Red8 25. Qc2 Nd4 26. Bxd4 exd4 27. Qd3 Qb7 28.
Re1 Re8 29. f3 Re7 30. Bh3 Rbe8 31. Qd2 h5 32. Qg5 Re5 33. Qh4 Qe7 34. Qxe7
R5xe7 35. Kf2 g6 36. g4 hxg4 37. Bxg4 f5 38. exf5 Re3 39. Rxe3 Rxe3 40. Nd2 Rd3
41. Ke2 Re3+ 42. Kf2 g5 43. f6 Ra3 44. Be6+ Kf8 45. Rg1 Nc7 46. Bd5 Bxd5 47.
cxd5 Nxd5 48. Rxg5 Nf4 49. Kg3 Ne6 50. Rd5 Kf7 51. Ne4 b3 52. Rh5 b2 53. Rh7+
Kg6 54. Rb7 Rxa5 55. Rxb2 c4 56. Rb6 Re5 57. Rc6 c3 58. h4 Nd8 59. Rc8 Nf7 60.
Nxc3 dxc3 61. Rxc3 Kxf6 62. Rc6+ Kf5 63. Ra6 Rb5 64. Ra3 Rb1 65. Ra5+ Ne5 66.
f4 Rb3+ 67. Kg2 Kxf4 68. h5 Rg3+ 69. Kf2 Rh3 70. Ra4+ Kf5 71. Ke2 Rxh5 72. Ra5
Rh3 73. Ra4 Ke6 74. Ra6+ Kd5 75. Ra5+ Kd4 76. Ra4+ Nc4 77. Kf2 Rc3 78. Ra8 Ke4
79. Ra4 Kf4 80. Ra2 Rf3+ 81. Ke2 Re3+ 82. Kf2 Nd6 83. Ra4+ Ne4+ 84. Kg2 Rb3 85.
Ra2 Rg3+ 86. Kh2 Rg7 87. Ra4 Rg8 88. Kh3 Rg1 89. Kh2 Re1 90. Kg2 Re2+ 91. Kf1
Rb2 92. Kg1 Rc2 93. Kf1 Kf3 94. Ra3+ Nc3 95. Ke1 Re2+ 96. Kf1 Re3 97. Rb3 Rd3
0-1

[Event "VI Memorial Gianfranco Molinari A"]
[Site "Milano ITA"]
[Date "2012.10.28"]
[Round "6"]
[White "Martinez, Rolly"]
[Black "Gori, Andrea"]
[WhiteElo "2439"]
[BlackElo "2079"]
[Result "1-0"]
[PlyCount "89"]
[EventDate "2012.10.24"]

1. e4 e5 2. Nf3 Nc6 3. Bb5 a6 4. Bxc6 dxc6 5. O-O Bg4 6. h3 h5 7. d3 Qf6 8. Be3
Bxf3 9. Qxf3 Qxf3 10. gxf3 Bd6 11. Nd2 Ne7 12. Rfb1 f5 13. Nc4 Ng6 14. Kf1
O-O-O 15. Ke2 fxe4 16. fxe4 Rdf8 17. Rg1 Rf6 18. Rg5 Rhf8 19. Rf1 R8f7 20. Rxh5
b5 21. Nd2 Nf4+ 22. Bxf4 Rxf4 23. f3 Kd7 24. Rg1 Ke6 25. Rg6+ Ke7 26. Rh7 Kf8
27. Rh8+ Ke7 28. Ra8 a5 29. Rxa5 Bb4 30. Ra7 Bxd2 31. Rxc7+ Kf8 32. Rc8+ Ke7
33. Kxd2 Rxf3 34. Rcxc6 Rxh3 35. Kc3 Kf8 36. Rc8+ Ke7 37. Rc5 Rf4 38. Rxe5+ Kf7
39. Rb6 g6 40. Rbxb5 Rh2 41. Rec5 Kg7 42. a4 Kh6 43. a5 Rff2 44. Kb3 g5 45. a6
1-0

[Event "VI Memorial Gianfranco Molinari A"]
[Site "Milano ITA"]
[Date "2012.10.28"]
[Round "6"]
[White "Miracola, Giorgia"]
[Black "Pelizzola, Danilo"]
[WhiteElo "1811"]
[BlackElo "2087"]
[Result "0-1"]
[PlyCount "79"]
[EventDate "2012.10.24"]

1. e4 e5 2. Nf3 Nc6 3. Bc4 Be7 4. O-O Nf6 5. Re1 O-O 6. c3 d6 7. h3 Nxe4 8.
Rxe4 d5 9. Re1 dxc4 10. Nxe5 Nxe5 11. Rxe5 Bf6 12. Re1 Qd5 13. b3 Bf5 14. bxc4
Qxc4 15. Na3 Qc5 16. Nc2 Rfe8 17. Ne3 Bd3 18. a4 a5 19. Ba3 Qc6 20. Qb3 b6 21.
Ng4 Rad8 22. Rac1 h5 23. Rxe8+ Rxe8 24. Ne3 Bg5 25. c4 Bxe3 26. Qxd3 Bc5 27.
Bb2 Re6 28. Qd8+ Bf8 29. d4 Qxa4 30. Qxc7 Qa2 31. Bc3 Rf6 32. Qg3 Bd6 33. Qe3
Re6 34. Qg5 Be7 35. Qxh5 Qxc4 36. d5 Rd6 37. Qe5 Bf8 38. Rd1 a4 39. Bb2 Qb3 40.
Qh5 0-1

[Event "VI Memorial Gianfranco Molinari A"]
[Site "Milano ITA"]
[Date "2012.10.28"]
[Round "6"]
[White "Nepi, Ezio"]
[Black "Papale, Carmelo"]
[WhiteElo "1914"]
[BlackElo "1865"]
[Result "1-0"]
[PlyCount "81"]
[EventDate "2012.10.24"]

1. d4 Nf6 2. c4 c5 3. d5 b5 4. Qc2 g6 5. e4 d6 6. Nf3 Bg7 7. cxb5 a6 8. Nc3 O-O
9. h3 Qb6 10. a4 axb5 11. Bxb5 Na6 12. O-O Nb4 13. Qe2 Bb7 14. Be3 Ne8 15. Nd2
Nc7 16. Nc4 Qa7 17. Qd2 Rfb8 18. Bg5 Bc8 19. Na3 Be5 20. Bc4 Bd7 21. b3 Rb7 22.
Be3 Qa5 23. Rac1 Rab8 24. f4 Bg7 25. f5 Qa7 26. fxg6 hxg6 27. Bh6 Be5 28. Rf3
f6 29. Bf4 Bd4+ 30. Be3 Be5 31. Rcf1 Kf7 32. Bf4 Bd4+ 33. Kh1 Rh8 34. Ne2 Be5
35. Bxe5 dxe5 36. d6+ Ne6 37. dxe7 Kxe7 38. Rxf6 Nf4 39. Rf7+ Ke8 40. Nxf4 exf4
41. Qxf4 1-0